000 00747nam a2200205 a 4500
005 20230526063600.0
008 130926s2008 mx r 000 0 spa d
020 _a9786077554127
035 _aUPN01000193154
049 _aCG
050 4 _aLC5153 M6
_bY8.2
100 1 _aYurén Camarena, María Teresa
_928553
245 1 0 _aAprender a aprender y a convivir :
_bfundamentos teóricos de una estrategia educativa para familias jornaleras migrantes /
_cTeresa Yurén.
260 _aMéxico :
_bCasa Juan Pablos,
_c2008.
300 _a174 p. :
_bcuadros
650 4 _aHijos de trabajadores migrantes
_xEducación
_zMéxico
_922553
650 4 _aHijos de trabajadores agrícolas
_xEducación
_zMéxico
_921937
905 _aLibro
999 _c165255
_d165255